| Tag |
First Indicator |
Second Indicator |
Subfields |
| LEADER |
00000cam a2200000 a 4500 |
| 001 |
in00001403312 |
| 005 |
20151020055452.0 |
| 008 |
970130s1997 mduab f 001 0 eng |
| 010 |
|
|
|a 97003768
|
| 020 |
|
|
|a 1557502684 (alk. paper)
|
| 035 |
|
|
|a (OCoLC)36327436
|
| 035 |
|
|
|9 AHN4544AM
|
| 040 |
|
|
|a DLC
|c DLC
|d TXA
|d UtOrBLW
|
| 049 |
|
|
|a TXAM
|
| 050 |
0 |
0 |
|a VF346
|b .F75 1997
|
| 082 |
0 |
0 |
|a 359.8
|2 21
|
| 100 |
1 |
|
|a Friedman, Norman,
|d 1946-
|
| 245 |
1 |
4 |
|a The Naval Institute guide to world naval weapons systems, 1997-1998 /
|c Norman Friedman.
|
| 246 |
3 |
0 |
|a World naval weapons systems, 1997-1998
|
| 264 |
|
1 |
|a Annapolis, Md. :
|b Naval Institute Press,
|c [1997]
|
| 264 |
|
4 |
|c ©1997
|
| 300 |
|
|
|a liii, 808 pages :
|b illustrations, maps ;
|c 32 cm.
|
| 336 |
|
|
|a text
|b txt
|2 rdacontent
|
| 337 |
|
|
|a unmediated
|b n
|2 rdamedia
|
| 338 |
|
|
|a volume
|b nc
|2 rdacarrier
|
| 500 |
|
|
|a Includes index.
|
| 650 |
|
0 |
|a Weapons systems
|x Handbooks, manuals, etc.
|
| 650 |
|
0 |
|a Ordnance, Naval
|x Handbooks, manuals, etc.
|
| 999 |
|
|
|a MARS
|
| 999 |
f |
f |
|s 586a3917-88b7-3113-a737-4bf8c625691c
|i b67d415d-670a-38ff-b7c4-4664e2887786
|t 0
|
| 952 |
f |
f |
|p noncirc
|a Texas A&M University
|b College Station
|c Cushing Memorial Library & Archives
|d Cushing: Reference (Does not check out)
|t 0
|e VF346 .F75 1997
|h Library of Congress classification
|i unmediated -- volume
|
| 998 |
f |
f |
|a VF346 .F75 1997
|t 0
|l Cushing: Reference (Does not check out)
|